000 00464nam a2200145Ia 4500
008 100415s9999 xx 000 0 und d
082 _b5790
_a597.8
100 _aParker,B.M
245 _aToads And Frogs: The Basre Sciences Education Series
260 _aEVANSTON
_c1957
_bROW PETERSON AND CO.
365 _b4
630 _aToads And Frogs: The Basre Sciences Education Series
730 _aToads And Frogs: The Basre Sciences Education Series
942 _cBOOK
999 _c588763
_d588760